000
00346nam a2200145Ia 4500
003
OSt
005
20240307152043.0
008
170523s9999 xx 000 0 und d
020
_a
NA
040
_c
IIMTU
100
_a
Gupta R P
245
0
_a
INSTALLATION -MAINTENANCE AND REPAIR OF ELEC. MACH.AND EQP.
260
_a
ASIAN PUB
942
_2
ddc
_c
02
999
_c
11336
_d
11336